000 00496nam a2200169 a 4500
005 20140310183139.0
008 030421s19uu xx 00 eng d
050 _aHD 55
_b.G738 1987
100 _aGraham, Gordon
245 _aDistribution Inventory Management for the 1990s /
_cGordon Graham.
260 _aRichardson, Texas :
_bInventory management Press,
_c1987.
300 _a336 p. :
_c23 cm.
521 _aBSBA
650 _aInventory control
942 _cBK
_2lcc
_kFOR
999 _c19355
_d19355